Quick Pick: Cadillac Models Quiz Stats

 Plays Quiz Updated Apr 3, 2018

Challenge
Share
Tweet
Embed
Score 0/10 Timer 01:00
0 Plays Today
% Correct
Coupe Deville
87.9%
Escalade
87.4%
Seville
82.6%
Eldorado
77.8%
CTS
65.6%
Fleetwood Brougham
63.3%
Catera
58.3%
DTS
58.1%
Cimarron
57.1%
Calais
54%

Today's Daily Dose

You're not logged in!

Compare scores with friends on all Sporcle quizzes.
Join for Free
OR
Log In

You Might Also Like...

Show Comments

Extras

Top Quizzes Today


Score Distribution

Your Account Isn't Verified!

In order to create a playlist on Sporcle, you need to verify the email address you used during registration. Go to your Sporcle Settings to finish the process.

Report this User

Report this user for behavior that violates our Community Guidelines.

Details: